| 000 | 00784nam a22001337a 4500 | ||
|---|---|---|---|
| 040 | _cRUA | ||
| 082 | _aAVM SUM 2013 B109 Or.1 | ||
| 100 | _aSUM, RAVY. | ||
| 245 | _aUsing cassava root in concentrate on growing quail in experimental animal station at royal university of agriculture, ការប្រើប្រាសើម្សៅដំឡូងមីជាចំណីផ្សំលើការលូតលាស់របស់ក្រួច នៅស្ថានីយពិសោធន៍សត្វនាំសាកលវិទ្យាល័យភូមិន្ទកសិកម្ម | ||
| 260 |
_aPhnom Penh _bRUA _c2013 |
||
| 300 |
_ax; 39p. _bill. _c29cm. |
||
| 856 | _uhttps://drive.google.com/file/d/1kNaKWkG6lJixqFB3uvJ3ec2eg4YyPX88/view?usp=sharing | ||
| 942 | _cAVM | ||
| 999 |
_c2674 _d2674 |
||